[Event "29. Schweinfurt Open"]
[Site "Schweinfurt"]
[Date "2019.06.20"]
[Round "1.28"]
[White "Roth, Claudia"]
[Black "Schrutka, Friedrich"]
[Result "0-1"]
[WhiteElo "1052"]
[BlackElo "1794"]
[PlyCount "69"]
[EventDate "2019.??.??"]
[WhiteTeam "Spvgg Stetten"]
[BlackTeam "SF Bad Kissingen"]

1. e4 c5 2. Nf3 Nc6 3. d4 cxd4 4. Nxd4 g6 5. Nc3 Bg7 6. Be3 Nf6 7. f4 d6 8. h3
Qa5 9. Qd2 O-O 10. Bb5 Nxd4 11. Bxd4 Nxe4 12. Nxe4 Qxd2+ 13. Nxd2 Bxd4 14.
O-O-O Be6 15. Kb1 a6 16. Bd3 Bd5 17. Rh2 Be3 18. f5 Bf4 19. Rhh1 Bxg2 20. Rh2
Bxh2 21. h4 Bf4 22. Nb3 Be5 23. Rg1 Bf3 24. h5 Bxh5 25. Re1 a5 26. Nd2 Rac8 27.
Nc4 Rc5 28. Nb6 Rd8 29. Be4 gxf5 30. Bxf5 e6 31. Rg1+ Bg6 32. Be4 Rb5 33. Nc4
Bd4 34. Rg4 h5 35. Rg1 0-1

[Event "29. Schweinfurt Open"]
[Site "Schweinfurt"]
[Date "2019.06.20"]
[Round "1.29"]
[White "Dosch, Stefan"]
[Black "Alekhin, Evgenii"]
[Result "1-0"]
[WhiteElo "1782"]
[BlackElo "1051"]
[PlyCount "35"]
[EventDate "2019.??.??"]
[WhiteTeam "SK Buchen-Walldürn"]
[BlackTeam "^SK Schweinfurt 2000"]

1. e4 e5 2. Nf3 d5 3. exd5 Qxd5 4. Nc3 Qd8 5. Nxe5 Qe7 6. Qe2 Nf6 7. d4 Qe6 8.
d5 Nxd5 9. Nxd5 Qxd5 10. Ng6+ Be6 11. Nxh8 Nc6 12. Qd3 Qe5+ 13. Qe3 Qf6 14. Bb5
O-O-O 15. Bxc6 b6 16. Qe2 Bg4 17. Qa6+ Kb8 18. Qb7# 1-0

[Event "29. Schweinfurt Open"]
[Site "Schweinfurt"]
[Date "2019.06.20"]
[Round "1.30"]
[White "Burzler, Fabian"]
[Black "Peuckert, Ruediger"]
[Result "0-1"]
[WhiteElo "890"]
[BlackElo "1783"]
[PlyCount "44"]
[EventDate "2019.??.??"]
[WhiteTeam "SC Prichsenstadt / SW"]
[BlackTeam "SK Schweinfurt 2000"]

1. d4 Nf6 2. Bf4 d5 3. Nf3 Bf5 4. e3 e6 5. c3 Be7 6. Bd3 Ne4 7. O-O Nd7 8. Nbd2
g5 9. Be5 f6 10. Bg3 Nxg3 11. fxg3 Bxd3 12. Rf2 Nb6 13. Ne1 Bg6 14. Qg4 Qd7 15.
Nb3 h5 16. Qe2 Bf5 17. Nd2 O-O-O 18. Nc2 Bxc2 19. e4 Bxe4 20. Nxe4 dxe4 21.
Qxe4 f5 22. Re1 fxe4 0-1

[Event "29. Schweinfurt Open"]
[Site "Schweinfurt"]
[Date "2019.06.20"]
[Round "1.31"]
[White "Blank, Stefan"]
[Black "Bokov, Igor"]
[Result "1-0"]
[WhiteElo "1752"]
[BlackElo "796"]
[PlyCount "59"]
[EventDate "2019.??.??"]
[WhiteTeam "SC Sulzbach"]
[BlackTeam "SK Schweinfurt 2000"]

1. e4 c5 2. Nf3 g6 3. g3 Bg7 4. Bg2 Nf6 5. d3 O-O 6. O-O d6 7. c3 Nc6 8. Nbd2
Be6 9. Ng5 Qd7 10. Nxe6 Qxe6 11. f4 Qg4 12. Qxg4 Nxg4 13. Nc4 b5 14. Ne3 Nf6
15. e5 Rfc8 16. exf6 Bxf6 17. Ng4 Bg7 18. f5 Rf8 19. Bxc6 gxf5 20. Rxf5 Rac8
21. Bxb5 e6 22. Rf3 f5 23. Nf2 Kh8 24. Bg5 Rc7 25. Re1 Rb7 26. a4 a6 27. Bxa6
Rxb2 28. Nd1 Rb1 29. Rff1 Rc1 30. Bxc1 1-0

[Event "29. Schweinfurt Open"]
[Site "Schweinfurt"]
[Date "2019.06.20"]
[Round "2.2"]
[White "Peschel, Andreas"]
[Black "Brueckner, Alexander"]
[Result "1-0"]
[WhiteElo "2170"]
[BlackElo "1875"]
[PlyCount "41"]
[EventDate "2019.??.??"]
[WhiteTeam "SG Solingen"]
[BlackTeam "SF Augsburg / SW"]

1. d4 d5 2. Nf3 e6 3. c4 Nf6 4. g3 Be7 5. Bg2 O-O 6. O-O c6 7. Qc2 Ne4 8. Nc3
f5 9. Be3 Nd7 10. Nxe4 fxe4 11. Ne5 Bf6 12. Qc3 c5 13. cxd5 cxd4 14. Bxd4 exd5
15. Rad1 Nxe5 16. Bxe5 Bxe5 17. Qxe5 Rf5 18. Qxe4 Bd7 19. Rxd5 Rxd5 20. Qxd5+
Kh8 21. Rd1 1-0

[Event "29. Schweinfurt Open"]
[Site "Schweinfurt"]
[Date "2019.06.20"]
[Round "2.3"]
[White "Memmel, Guenther"]
[Black "Weise, Martin"]
[Result "1/2-1/2"]
[WhiteElo "1865"]
[BlackElo "2122"]
[PlyCount "178"]
[EventDate "2019.??.??"]
[WhiteTeam "SK Schweinfurt 2000"]
[BlackTeam "SC Fulda"]

1. e4 e6 2. d4 d5 3. Nd2 Be7 4. Ngf3 Nf6 5. Bd3 c5 6. exd5 Nxd5 7. Nb3 Nd7 8.
O-O Qc7 9. c4 N5f6 10. Qe2 O-O 11. dxc5 Bxc5 12. Nxc5 Qxc5 13. Be3 Qc7 14. Ng5
h6 15. Ne4 Nxe4 16. Bxe4 f5 17. Bc2 e5 18. f4 Nf6 19. fxe5 Qxe5 20. Qf3 Ng4 21.
Bf4 Qxb2 22. Bb3 Nf6 23. Rad1 Ne4 24. Bc1 Qf6 25. Ba3 Rd8 26. Bb2 Qe7 27. Rxd8+
Qxd8 28. Rd1 Qc7 29. Qd3 Be6 30. Qd4 Qc5 31. Kf1 Qxd4 32. Rxd4 Rc8 33. Ke2 b6
34. g4 Nc5 35. gxf5 Bxf5 36. Kf3 Rf8 37. Ke3 Re8+ 38. Kf4 Bc8 39. Kf3 Bb7+ 40.
Kf2 Rf8+ 41. Kg1 Bc8 42. h4 Bh3 43. Ba3 Rf1+ 44. Kh2 Nxb3 45. Rd8+ Kh7 46. Kxh3
Na5 47. Kg2 Rf4 48. c5 Ra4 49. cxb6 axb6 50. Bf8 Rxh4 51. Kg3 Rh5 52. Rd7 Rg5+
53. Kh4 Nc4 54. Rb7 b5 55. Be7 Rg2 56. a3 Ne5 57. Kh3 Rg1 58. Rxb5 Ng6 59. Bd6
Ra1 60. Rb7 Rd1 61. Bb4 Rd3+ 62. Kh2 Kg8 63. a4 Rb3 64. a5 Rb2+ 65. Kg1 Nf4 66.
a6 Ra2 67. Rb8+ Kh7 68. Ra8 g5 69. Bc5 g4 70. Rf8 Ne6 71. Rf7+ Kg6 72. Rf2 Ra5
73. Be7 Rxa6 74. Rf6+ Kg7 75. Rf1 h5 76. Bf6+ Kg6 77. Be5 Ng5 78. Bc3 Nf3+ 79.
Kg2 h4 80. Rb1 Ng5 81. Rb4 Kh5 82. Rb5 Rc6 83. Bd2 Rg6 84. Bf4 Rg8 85. Rd5 g3
86. Bxg3 hxg3 87. Kxg3 Ra8 88. Kf4 Re8 89. Rxg5+ Kh4 1/2-1/2

[Event "29. Schweinfurt Open"]
[Site "Schweinfurt"]
[Date "2019.06.20"]
[Round "2.4"]
[White "Helm, Timo"]
[Black "Perez Celis, Alba"]
[Result "1-0"]
[WhiteElo "2109"]
[BlackElo "1822"]
[PlyCount "45"]
[EventDate "2019.??.??"]
[WhiteTeam "SC Bad Königshofen / NES"]
[BlackTeam "SV Malchow / NES"]

1. e4 d5 2. e5 d4 3. f4 c5 4. Nf3 Nc6 5. Bb5 e6 6. Bxc6+ bxc6 7. d3 Nh6 8. O-O
a5 9. a4 Be7 10. Qe1 O-O 11. Bd2 Qb6 12. b3 Bd8 13. Na3 Ba6 14. Qe4 Bc7 15. Ng5
g6 16. Rf3 Nf5 17. Rh3 h6 18. Nf3 Kg7 19. g4 Ne3 20. Bxe3 dxe3 21. f5 c4 22.
f6+ Kg8 23. Rxh6 1-0

[Event "29. Schweinfurt Open"]
[Site "Schweinfurt"]
[Date "2019.06.20"]
[Round "2.5"]
[White "Bombe, Bernhard"]
[Black "Kornitzky, Tino"]
[Result "0-1"]
[WhiteElo "1845"]
[BlackElo "2098"]
[PlyCount "38"]
[EventDate "2019.??.??"]
[WhiteTeam "SK Tarrasch München"]
[BlackTeam "FC Bayern München"]

1. e4 e5 2. Nf3 Nc6 3. Bc4 Bc5 4. c3 Nf6 5. d4 exd4 6. cxd4 Bb4+ 7. Nc3 Nxe4 8.
O-O Bxc3 9. d5 Bf6 10. Re1 Ne7 11. Rxe4 d6 12. Bg5 Bxg5 13. Nxg5 h6 14. Qe2
hxg5 15. Re1 Be6 16. Bb5+ c6 17. Rxe6 fxe6 18. dxc6 bxc6 19. Qxe6 cxb5 0-1

[Event "29. Schweinfurt Open"]
[Site "Schweinfurt"]
[Date "2019.06.20"]
[Round "2.6"]
[White "Eichenauer, Pascal"]
[Black "Kuhn, Norbert"]
[Result "1-0"]
[WhiteElo "1822"]
[BlackElo "2045"]
[PlyCount "47"]
[EventDate "2019.??.??"]
[WhiteTeam "SV Würzburg"]
[BlackTeam "SV Würzburg"]

1. d4 d5 2. c4 e6 3. Nc3 Nf6 4. Bg5 Be7 5. e3 O-O 6. Nf3 b6 7. Rc1 Bb7 8. cxd5
Nxd5 9. Nxd5 Bxd5 10. Bf4 Bxf3 11. Qxf3 Bb4+ 12. Kd1 Nd7 13. Bxc7 Qe7 14. a3
Bd6 15. Bxd6 Qxd6 16. Qc6 Qe7 17. Bb5 Rfd8 18. Qb7 Rab8 19. Qxa7 Qg5 20. Bxd7
Qxg2 21. Ke2 Qg4+ 22. Ke1 Qe4 23. Bc6 Qd3 24. Qa4 1-0

[Event "29. Schweinfurt Open"]
[Site "Schweinfurt"]
[Date "2019.06.20"]
[Round "2.7"]
[White "Stadler, Andreas"]
[Black "Hohner, Karl-Heinz"]
[Result "1/2-1/2"]
[WhiteElo "2025"]
[BlackElo "1806"]
[PlyCount "50"]
[EventDate "2019.??.??"]
[WhiteTeam "SK München Südost"]
[BlackTeam "(vls) Kronach"]

1. d4 d5 2. c4 c6 3. Nf3 Nf6 4. g3 e6 5. Bg2 Bd6 6. O-O O-O 7. Qc2 Nbd7 8. Nbd2
Qe7 9. e4 Nxe4 10. Nxe4 dxe4 11. Qxe4 e5 12. Qc2 Qf6 13. Be3 h6 14. Rfe1 Qg6
15. Qb3 exd4 16. Bxd4 Nc5 17. Qe3 Qh5 18. Qd2 Bg4 19. Ne5 Rad8 20. Nxg4 Qxg4
21. h3 Qd7 22. Be3 Qf5 23. Rad1 Ne6 24. Qd3 Qf6 25. Qb3 Nc5 1/2-1/2

[Event "29. Schweinfurt Open"]
[Site "Schweinfurt"]
[Date "2019.06.20"]
[Round "2.8"]
[White "Hasselbacher, Uwe"]
[Black "Minor, Viatcheslav"]
[Result "1/2-1/2"]
[WhiteElo "1766"]
[BlackElo "2032"]
[PlyCount "111"]
[EventDate "2019.??.??"]
[WhiteTeam "SC Fulda"]
[BlackTeam "SV Eisenach"]

1. Nf3 d6 2. d4 h6 3. e4 g5 4. h3 Bg7 5. Bc4 e6 6. Nc3 Nd7 7. Be3 Nb6 8. Bb3
Ne7 9. Qd2 Ng6 10. O-O-O Bd7 11. Ne1 Qe7 12. Nd3 a5 13. a4 Nc8 14. f4 gxf4 15.
Nxf4 Nxf4 16. Bxf4 c6 17. Rhf1 b5 18. Qf2 b4 19. Ne2 d5 20. Ng3 h5 21. Rfe1 Nb6
22. Nf5 Qf6 23. Nd6+ Kf8 24. e5 Qxf4+ 25. Qxf4 Bh6 26. Rf1 Bxf4+ 27. Rxf4 Be8
28. Rdf1 Rh7 29. Rf6 Ke7 30. c3 bxc3 31. bxc3 Nd7 32. R6f4 f5 33. g4 fxg4 34.
hxg4 Rb8 35. Bc2 Rg7 36. Nxe8 Rxe8 37. gxh5 Rh8 38. Bg6 Nb6 39. Rf7+ Rxf7 40.
Rxf7+ Kd8 41. Ra7 Rf8 42. Rxa5 Rf1+ 43. Kc2 Rf2+ 44. Kd1 Rh2 45. Ra7 Kc8 46. a5
Na4 47. a6 Nxc3+ 48. Ke1 Nb5 49. Rh7 Kb8 50. h6 Nxd4 51. Rb7+ Ka8 52. h7 Nf3+
53. Kd1 Nxe5 54. Bb1 Rh1+ 55. Ke2 Rh2+ 56. Kd1 1/2-1/2

[Event "29. Schweinfurt Open"]
[Site "Schweinfurt"]
[Date "2019.06.20"]
[Round "2.9"]
[White "Milovanovic, Milos"]
[Black "Kwossek, Martin"]
[Result "1-0"]
[WhiteElo "2025"]
[BlackElo "1800"]
[PlyCount "39"]
[EventDate "2019.??.??"]
[WhiteTeam "SF Gottmadingen"]
[BlackTeam "SC Kitzingen"]

1. e4 c5 2. Nf3 d6 3. d4 cxd4 4. Nxd4 Nf6 5. Nc3 a6 6. Bg5 e6 7. f4 Qc7 8. Qf3
Be7 9. O-O-O Nc6 10. Nxc6 bxc6 11. e5 dxe5 12. fxe5 Nd5 13. Bxe7 Qxe7 14. Ne4
O-O 15. c4 Nb6 16. Bd3 Rb8 17. Nf6+ Kh8 18. Nxh7 Rd8 19. Qh5 g6 20. Qh6 1-0

[Event "29. Schweinfurt Open"]
[Site "Schweinfurt"]
[Date "2019.06.20"]
[Round "2.10"]
[White "Schrutka, Friedrich"]
[Black "Maar, Samuel"]
[Result "1/2-1/2"]
[WhiteElo "1794"]
[BlackElo "1966"]
[PlyCount "88"]
[EventDate "2019.??.??"]
[WhiteTeam "SF Bad Kissingen"]
[BlackTeam "Sfr. Bad Emstal/Wolfhagen"]

1. Nf3 Nf6 2. g3 g6 3. Bg2 Bg7 4. c4 O-O 5. O-O d6 6. Nc3 c5 7. d4 Nc6 8. dxc5
dxc5 9. Bg5 Bf5 10. Rc1 Rc8 11. Qa4 Ne4 12. Be3 Qa5 13. Qxa5 Nxa5 14. Nd5 Rfe8
15. Nh4 Nd6 16. b3 b6 17. Bg5 f6 18. Bd2 Nc6 19. Nxf5 Nxf5 20. e3 Kf7 21. Bc3
Red8 22. Rcd1 Nd6 23. a4 g5 24. e4 Nb7 25. f4 gxf4 26. gxf4 e6 27. Bh3 Nba5 28.
Bxa5 Nxa5 29. Nc7 Rxd1 30. Bxe6+ Ke7 31. Bxc8 Rxf1+ 32. Kxf1 Nxb3 33. Ke2 Bh6
34. Nd5+ Kf7 35. Bf5 Nd4+ 36. Ke3 Nc6 37. Kf3 Na5 38. Ne3 Kg7 39. Be6 Nb3 40.
Nf5+ Kf8 41. Kg4 Nd4 42. Bd5 Nxf5 43. Kxf5 Ke7 44. Bb7 Kd6 1/2-1/2

[Event "29. Schweinfurt Open"]
[Site "Schweinfurt"]
[Date "2019.06.20"]
[Round "2.11"]
[White "Schmitz, Wolfgang"]
[Black "Dosch, Stefan"]
[Result "1-0"]
[WhiteElo "2017"]
[BlackElo "1782"]
[PlyCount "127"]
[EventDate "2019.??.??"]
[WhiteTeam "SC Prichsenstadt"]
[BlackTeam "SK Buchen-Walldürn"]

1. e4 e5 2. Nf3 Nc6 3. Bc4 Nf6 4. d3 Be7 5. Nc3 d6 6. h3 Na5 7. Qe2 Nxc4 8.
dxc4 b6 9. Bd2 Bb7 10. O-O-O Qd7 11. Kb1 O-O-O 12. Bc1 Qc6 13. Nd5 Nxd5 14.
exd5 Qd7 15. g4 f5 16. gxf5 Qxf5 17. Nd4 exd4 18. Qxe7 Rhe8 19. Qxg7 Re2 20.
Qg4 Rxf2 21. Qxf5+ Rxf5 22. Rxd4 Rdf8 23. Rh4 R8f7 24. Rh6 Ba6 25. b3 b5 26.
cxb5 Bxb5 27. c4 Bd7 28. Re1 Rf2 29. Be3 Rh2 30. Bxa7 Bf5+ 31. Ka1 Rg7 32. Rf6
Rgg2 33. Rxf5 Rxa2+ 34. Kb1 Rxa7 35. Rf8+ Kb7 36. Ree8 Kb6 37. b4 Rxh3 38. Rb8+
Ka6 39. Rf2 Ra3 40. Rh2 Rb7 41. Ra8+ Ra7 42. Rxa7+ Kxa7 43. Rxh7 Kb7 44. Kb2
Rg3 45. Rh4 Kb6 46. Kc2 Rf3 47. Rd4 Ra3 48. Rd3 Ra2+ 49. Kc3 Ra1 50. Kd4 Rb1
51. c5+ Kb5 52. cxd6 cxd6 53. Rc3 Rxb4+ 54. Kd3 Rh4 55. Rc6 Rh6 56. Ke4 Rf6 57.
Rc8 Ka5 58. Rb8 Ka6 59. Re8 Kb6 60. Re6 Rxe6+ 61. dxe6 Kc7 62. Kd5 Kc8 63. Kc6
d5 64. e7 1-0

[Event "29. Schweinfurt Open"]
[Site "Schweinfurt"]
[Date "2019.06.20"]
[Round "2.12"]
[White "Peuckert, Ruediger"]
[Black "Reinl, Fred"]
[Result "1/2-1/2"]
[WhiteElo "1783"]
[BlackElo "1961"]
[PlyCount "22"]
[EventDate "2019.??.??"]
[WhiteTeam "SK Schweinfurt 2000"]
[BlackTeam "SK Schweinfurt 2000"]

1. e4 e6 2. Nf3 d5 3. exd5 exd5 4. d4 Nf6 5. Be2 Be7 6. O-O O-O 7. Bf4 Bf5 8.
Nbd2 Nbd7 9. Ne5 Ne4 10. c3 c6 11. h3 h6 1/2-1/2

[Event "29. Schweinfurt Open"]
[Site "Schweinfurt"]
[Date "2019.06.20"]
[Round "2.13"]
[White "Roth, Jakob"]
[Black "Blank, Stefan"]
[Result "1-0"]
[WhiteElo "1888"]
[BlackElo "1752"]
[PlyCount "73"]
[EventDate "2019.??.??"]
[WhiteTeam "Spvgg Stetten"]
[BlackTeam "SC Sulzbach"]

1. d4 Nf6 2. c4 c5 3. d5 b5 4. a4 bxc4 5. Nc3 d6 6. e4 Ba6 7. f4 Nbd7 8. Nf3
Qa5 9. Bd2 Qc7 10. Qe2 Rb8 11. Rb1 Rb3 12. g3 Qb7 13. Bh3 g6 14. O-O Bg7 15. e5
dxe5 16. fxe5 Nxd5 17. e6 fxe6 18. Qxe6 Nxc3 19. Bxc3 Bxc3 20. Rbd1 Nf6 21.
bxc3 Rb6 22. Qe5 Rf8 23. Ng5 Qb8 24. Qxc5 Rd6 25. Rxd6 Qxd6 26. Qxd6 exd6 27.
Re1+ Kd8 28. Ne6+ Ke7 29. Nc5+ Kf7 30. Nxa6 Re8 31. Rxe8 Nxe8 32. Kf2 Kf6 33.
Bd7 Ng7 34. Ke3 Ke5 35. Nb4 d5 36. Bh3 Ne8 37. Nc6+ 1-0

[Event "29. Schweinfurt Open"]
[Site "Schweinfurt"]
[Date "2019.06.20"]
[Round "2.14"]
[White "Lang, Stefan"]
[Black "Voelker, Joachim"]
[Result "1-0"]
[WhiteElo "2094"]
[BlackElo "1743"]
[PlyCount "51"]
[EventDate "2019.??.??"]
[WhiteTeam "SK Bad Neustadt"]
[BlackTeam "SK Schweinfurt"]

1. c4 e6 2. Nc3 d5 3. g3 Nf6 4. Bg2 dxc4 5. Qa4+ c6 6. Qxc4 Be7 7. a3 Nbd7 8.
b4 Nb6 9. Qb3 a6 10. Nf3 Nfd5 11. Ne4 Nf6 12. Nc3 Nfd5 13. O-O Nxc3 14. dxc3
Qd5 15. Qc2 Bf6 16. e4 Qh5 17. e5 Be7 18. c4 Nd7 19. Bb2 O-O 20. Rfe1 c5 21.
Bc3 Rb8 22. b5 axb5 23. cxb5 b6 24. Nd2 Bb7 25. Bc6 Rfd8 26. Qe4 1-0

[Event "29. Schweinfurt Open"]
[Site "Schweinfurt"]
[Date "2019.06.20"]
[Round "2.15"]
[White "Nicola, Marius"]
[Black "Wiener, Horst"]
[Result "0-1"]
[WhiteElo "1505"]
[BlackElo "1943"]
[PlyCount "78"]
[EventDate "2019.??.??"]
[WhiteTeam "SK Schweinfurt 2000"]
[BlackTeam "SK Schweinfurt 2000"]

1. e4 d6 2. d4 Nf6 3. Nc3 g6 4. f4 Bg7 5. Bc4 c5 6. dxc5 Qa5 7. e5 dxe5 8. fxe5
Ng4 9. Nf3 Qxc5 10. Qe2 Nc6 11. Ne4 Qb6 12. e6 Bxe6 13. Bxe6 fxe6 14. Neg5 Nce5
15. h3 Nxf3+ 16. Nxf3 Bxb2 17. Bxb2 Qxb2 18. O-O Qb6+ 19. Kh1 h5 20. Rab1 Qa6
21. Qd2 Rd8 22. Qc3 Nf6 23. Qe3 Rd5 24. c4 Rf5 25. Ne5 Qxa2 26. Qc5 O-O 27. Qd4
Ne4 28. Rfe1 Ng3+ 29. Kh2 Nf1+ 30. Rxf1 Rxf1 31. Rxf1 Rxf1 32. Nxg6 Qa1 33.
Qd8+ Kg7 34. Qh8+ Kxg6 35. Qg8+ Qg7 36. Qxe6+ Kh7 37. Qe4+ Kh8 38. Qe2 Rf5 39.
Qd3 Qe5+ 0-1

[Event "29. Schweinfurt Open"]
[Site "Schweinfurt"]
[Date "2019.06.20"]
[Round "2.16"]
[White "Krenz, Dieter"]
[Black "Ley, Reinhard"]
[Result "1-0"]
[WhiteElo "1927"]
[BlackElo "1709"]
[PlyCount "47"]
[EventDate "2019.??.??"]
[WhiteTeam "SC Prichsenstadt"]
[BlackTeam "SV Spr.Siershahn"]

1. e4 Nf6 2. e5 Nd5 3. c4 Nb6 4. d4 d6 5. f4 Bf5 6. Nc3 e6 7. Be3 N8d7 8. Be2
h6 9. Nf3 dxe5 10. fxe5 Bb4 11. Rc1 Qe7 12. O-O Bxc3 13. Rxc3 g5 14. d5 exd5
15. Nd4 Be6 16. Nxe6 Qxe6 17. Bg4 Qe7 18. cxd5 Nxe5 19. Bc5 Qd8 20. Re3 f6 21.
Bh5+ Kd7 22. Rxe5 Kc8 23. Be7 Qg8 24. Bxf6 1-0

[Event "29. Schweinfurt Open"]
[Site "Schweinfurt"]
[Date "2019.06.20"]
[Round "2.17"]
[White "Lee, Kwan Ho"]
[Black "Langguth, Rolf"]
[Result "1/2-1/2"]
[WhiteElo "1553"]
[BlackElo "1927"]
[PlyCount "29"]
[EventDate "2019.??.??"]
[WhiteTeam "SV Hockenheim"]
[BlackTeam "SK Schweinfurt 2000"]

1. d4 Nf6 2. Nf3 c5 3. d5 d6 4. c4 e6 5. Nc3 Be7 6. e4 e5 7. Be2 Bd7 8. O-O O-O
9. Ne1 Ne8 10. f4 f5 11. fxe5 dxe5 12. Nd3 Bd6 13. a4 f4 14. Qb3 b6 15. a5
1/2-1/2

[Event "29. Schweinfurt Open"]
[Site "Schweinfurt"]
[Date "2019.06.20"]
[Round "2.18"]
[White "Heiduk, Christoph"]
[Black "Althaus, Lennart"]
[Result "1/2-1/2"]
[WhiteElo "1875"]
[BlackElo "1549"]
[PlyCount "90"]
[EventDate "2019.??.??"]
[WhiteTeam "SC Bayerwald Regen/Zwiesel"]
[BlackTeam "TV-Großostheim"]

1. d4 d5 2. c4 c6 3. cxd5 cxd5 4. Bf4 Nf6 5. Nc3 Nc6 6. e3 e6 7. Bd3 Be7 8. h3
Bd7 9. Nf3 a6 10. O-O b5 11. a3 Na5 12. Ne5 Nc4 13. Qe2 O-O 14. g4 Ne8 15. Bh2
Ned6 16. f4 h6 17. Rac1 f5 18. Bb1 Rb8 19. gxf5 Nxf5 20. Bxf5 Rxf5 21. e4 Rf8
22. exd5 exd5 23. Ng6 Rf7 24. Nxd5 Bf6 25. Ne5 Bxe5 26. dxe5 Bxh3 27. Rfd1 Rd7
28. Ne3 Rxd1+ 29. Rxd1 Qb6 30. Rd3 Rc8 31. Bg3 Qg6 32. Nd5 Qe6 33. Nc3 Bg4 34.
Qg2 Bf5 35. Rd4 Qb6 36. Bf2 Nxb2 37. Nd5 Qe6 38. Bh4 Rc1+ 39. Kh2 Kh7 40. Ne3
Nc4 41. Nxc4 Rxc4 42. Rxc4 Qxc4 43. Qf2 Qa4 44. Be7 Kg6 45. Bd6 Qc2 1/2-1/2

[Event "29. Schweinfurt Open"]
[Site "Schweinfurt"]
[Date "2019.06.20"]
[Round "2.19"]
[White "Markwardt, Sven"]
[Black "Loew, Leonid"]
[Result "1-0"]
[WhiteElo "1729"]
[BlackElo "1360"]
[PlyCount "51"]
[EventDate "2019.??.??"]
[WhiteTeam "SK Schweinfurt 2000"]
[BlackTeam "Allersberger SC"]

1. Nf3 Nc6 2. c4 e5 3. Nc3 Bc5 4. e3 d6 5. d4 exd4 6. exd4 Bb6 7. Bg5 f6 8. Be3
Bg4 9. Be2 Nge7 10. O-O O-O 11. h3 Bh5 12. a3 a5 13. Qd2 Qd7 14. Nb5 Nd8 15. b4
c6 16. Nc3 Nf7 17. Qb2 Bc7 18. b5 b6 19. bxc6 Qxc6 20. Rac1 Rab8 21. Nb5 Rfe8
22. a4 Nf5 23. Bf4 g5 24. Bh2 Nh4 25. Nxc7 Bxf3 26. Nxe8 1-0

[Event "29. Schweinfurt Open"]
[Site "Schweinfurt"]
[Date "2019.06.20"]
[Round "2.21"]
[White "Westerhoff, Ralf"]
[Black "Wirth, Reinhard"]
[Result "0-1"]
[WhiteElo "1487"]
[BlackElo "1736"]
[PlyCount "92"]
[EventDate "2019.??.??"]
[WhiteTeam "SV Kaponier Vechta"]
[BlackTeam "SC Bergrheinfeld"]

1. e4 e5 2. Nf3 Nc6 3. Bb5 a6 4. Ba4 Nf6 5. d3 Bc5 6. O-O d6 7. c3 O-O 8. a3
Ne7 9. h3 Ng6 10. Bb3 c6 11. Bg5 h6 12. Be3 Bb6 13. Nbd2 Bc7 14. Re1 d5 15. Qc2
Be6 16. d4 Qd7 17. exd5 Bf5 18. Qc1 e4 19. dxc6 bxc6 20. Ne5 Bxe5 21. dxe5 Nxe5
22. Bd4 Nd3 23. Qd1 Nxe1 24. Qxe1 Nd5 25. Nc4 Qe7 26. Ne3 Be6 27. Bc2 f5 28.
Nxd5 Bxd5 29. b4 Qe6 30. Qd2 Qg6 31. Qf4 Rae8 32. Re1 Qf7 33. Re3 Re6 34. Bd1
g5 35. Rg3 Kh7 36. Qd2 Rfe8 37. h4 f4 38. Rg4 Rg6 39. hxg5 Rxg5 40. Rxf4 Rxg2+
41. Kf1 Qg6 42. Qe3 Rg1+ 43. Ke2 Qh5+ 44. f3 exf3+ 45. Kd3 Rxe3+ 46. Kxe3 Rxd1
0-1

[Event "29. Schweinfurt Open"]
[Site "Schweinfurt"]
[Date "2019.06.20"]
[Round "2.22"]
[White "Wilm, Konrad"]
[Black "Roess, Jonas"]
[Result "1-0"]
[WhiteElo "1735"]
[BlackElo "1478"]
[PlyCount "71"]
[EventDate "2019.??.??"]
[WhiteTeam "SK Arnstein"]
[BlackTeam "SC Knetzgau"]

1. e4 c6 2. Nf3 d5 3. exd5 cxd5 4. d4 e6 5. Bd3 Bd6 6. O-O Nc6 7. a3 Qc7 8. Re1
Nf6 9. h3 h6 10. b3 Bd7 11. Bb2 O-O-O 12. Nbd2 Kb8 13. c4 dxc4 14. Nxc4 Be8 15.
Qe2 Nd5 16. Nxd6 Qxd6 17. Qd2 g5 18. b4 f6 19. b5 Nce7 20. a4 h5 21. Ba3 Qd7
22. Rac1 g4 23. Nh4 gxh3 24. g3 Nb6 25. Qf4+ Ka8 26. Qxf6 Qxd4 27. Bxe7 Rg8 28.
Bxd8 Rxg3+ 29. Kh2 Rxd3 30. Qxd4 Rxd4 31. Rcd1 Rxa4 32. Bxb6 axb6 33. Rd8+ Ka7
34. Rxe8 Rxh4 35. Ra1+ Ra4 36. Rxa4# 1-0

[Event "29. Schweinfurt Open"]
[Site "Schweinfurt"]
[Date "2019.06.20"]
[Round "2.23"]
[White "Mirring, Patrick"]
[Black "Brux, Juergen"]
[Result "0-1"]
[WhiteElo "1430"]
[BlackElo "1731"]
[PlyCount "152"]
[EventDate "2019.??.??"]
[WhiteTeam "SK Arnstein"]
[BlackTeam "DT Münnerstadt"]

1. e4 c5 2. Nf3 d6 3. d4 cxd4 4. Nxd4 Nf6 5. Nc3 g6 6. Bc4 Bg7 7. O-O O-O 8.
Re1 Nbd7 9. f4 a6 10. Kh1 b5 11. Bb3 Bb7 12. Nf3 Nc5 13. Bd5 Ng4 14. Be3 Nxe3
15. Rxe3 Qb6 16. Bxb7 Qxb7 17. Qd5 Qb6 18. Rae1 Rad8 19. Qg5 e6 20. Qh4 h6 21.
g4 Qb7 22. g5 h5 23. f5 b4 24. Nd1 exf5 25. exf5 Be5 26. Kg1 Qb6 27. Nxe5 dxe5
28. Nf2 Rd4 29. Qh3 Nd7 30. Rd3 Re8 31. fxg6 fxg6 32. Red1 Rg4+ 33. Rg3 Rxg3+
34. Qxg3 Nc5 35. Re1 Qe6 36. b3 Qf5 37. Re2 Nd7 38. h4 Rc8 39. Ne4 Rf8 40. Nf6+
Nxf6 41. Rxe5 Qg4 42. Qxg4 Nxg4 43. Re6 Kg7 44. Rxa6 Ne3 45. a4 bxa3 46. Rxa3
Nxc2 47. Ra7+ Rf7 48. Rxf7+ Kxf7 49. Kf2 Ke6 50. Kg3 Ke5 51. Kf3 Nd4+ 52. Ke3
Nxb3 53. Kf3 Nd4+ 54. Kg3 Nf5+ 55. Kh3 Kf4 56. Kg2 Kg4 57. Kh2 Nxh4 58. Kh1
Kxg5 59. Kh2 Kf4 60. Kh3 g5 61. Kh2 g4 62. Kh1 Nf5 63. Kg2 h4 64. Kg1 Kf3 65.
Kf1 g3 66. Kg1 h3 67. Kh1 Nd6 68. Kg1 Ke2 69. Kh1 g2+ 70. Kg1 Ke1 71. Kh2 Kf1
72. Kxh3 g1=Q 73. Kh4 Kf2 74. Kh5 Kf3 75. Kh6 Kf4 76. Kh5 Qg5# 0-1

[Event "29. Schweinfurt Open"]
[Site "Schweinfurt"]
[Date "2019.06.20"]
[Round "2.24"]
[White "Cebulla, Martin"]
[Black "Maar, Patricia"]
[Result "1-0"]
[WhiteElo "1716"]
[BlackElo "1446"]
[PlyCount "65"]
[EventDate "2019.??.??"]
[WhiteTeam "SV Würzburg"]
[BlackTeam "Mündener SC"]

1. c4 Nf6 2. Nf3 g6 3. Nc3 Bg7 4. d4 e6 5. e4 d6 6. g3 O-O 7. Bg2 Nfd7 8. O-O
c5 9. Be3 cxd4 10. Nxd4 Ne5 11. Qe2 Nec6 12. Nb3 e5 13. Rad1 Qe7 14. c5 Nd4 15.
Bxd4 exd4 16. Nd5 Qd8 17. cxd6 Qxd6 18. Nxd4 Nc6 19. Nb5 Qe5 20. Rd2 Rb8 21. f4
Qe8 22. e5 Be6 23. Nbc7 Qc8 24. b3 Bxd5 25. Nxd5 Re8 26. Qf3 Ne7 27. Rfd1 Nxd5
28. Qxd5 Rd8 29. Qxd8+ Qxd8 30. Rxd8+ Rxd8 31. Rxd8+ Bf8 32. Rxf8+ Kxf8 33.
Bxb7 1-0

[Event "29. Schweinfurt Open"]
[Site "Schweinfurt"]
[Date "2019.06.20"]
[Round "2.25"]
[White "Brodt, Andreas"]
[Black "Neuhoff, Laertes"]
[Result "1-0"]
[WhiteElo "1696"]
[BlackElo "1424"]
[PlyCount "113"]
[EventDate "2019.??.??"]
[WhiteTeam "SK Schweinfurt 2000"]
[BlackTeam "SG Leipzig"]

1. e4 e5 2. Nf3 Nc6 3. Bb5 a6 4. Bc4 Bc5 5. c3 Nf6 6. Bd5 d6 7. O-O Ne7 8. d4
Ba7 9. dxe5 dxe5 10. Qb3 Nexd5 11. exd5 e4 12. Re1 O-O 13. Ng5 Bf5 14. c4 h6
15. Nh3 Qd6 16. Bf4 Qb6 17. Re3 Qxb3 18. Rxb3 Bb6 19. Be3 Bxe3 20. Rxe3 Rad8
21. Nc3 Rfe8 22. Nf4 g5 23. Nfe2 Ng4 24. Rg3 Ne5 25. Nd4 Bg6 26. b3 Nd3 27. Rd1
c5 28. Nde2 f5 29. f4 g4 30. h3 h5 31. h4 Kg7 32. a3 Rd6 33. Nc1 Nxc1 34. Rxc1
Rb8 35. b4 b6 36. Rb1 Be8 37. bxc5 Rdd8 38. Rxb6 Rxb6 39. cxb6 Rb8 40. c5 Bd7
41. a4 a5 42. Re3 Kf6 43. g3 Ke7 44. Nb5 Bxb5 45. axb5 Kd7 46. Ra3 Ra8 47. c6+
Kd8 48. d6 e3 49. b7 Rb8 50. c7+ Kd7 51. cxb8=Q e2 52. Qc7+ Ke6 53. Qe7+ Kd5
54. Qe5+ Kc4 55. Rc3+ Kb4 56. Qc5+ Ka4 57. Ra3# 1-0